| 000 | 00608nam a2200205 4500 | ||
|---|---|---|---|
| 003 | OSt | ||
| 005 | 20240703061718.0 | ||
| 006 | a | ||
| 008 | 240703b |||||||| |||| 00| 0 eng d | ||
| 020 | _a9710863568 | ||
| 040 |
_aDWCL-Main lib. _cOC |
||
| 082 |
_2Revised edition _aFil. 001.3 Z94h 2003 |
||
| 245 | _aThe humanities / | ||
| 250 | _aRevised edition | ||
| 260 |
_aMandaluyong City : _bNational Book Store, _cc2003. |
||
| 300 |
_b307 p. : ill. ; _c22 cm. |
||
| 504 | _aIncludes bibliographical references and index. | ||
| 650 | _a1. Humanities. | ||
| 942 |
_2ddc _n0 _cBK - FIL _eRevised edition _kFil. |
||
| 999 |
_c1878 _d1878 |
||